000
00243nam a2200097Ia 4500
005
20251222114349.0
008
251222s1900||||xx |||||||||||||| ||spa||
082
_a
DVD0070/P18/1993
245
0
_a
El informe pelĂcano:The pelican brief
942
_c
DVD
999
_c
1161
_d
1161